00457nam a2200181Ia 450000500170000000800410001704100080005808200150006610000110008124500280009225000110012026000440013130000080017550000250018350000280020865000280023670000110026420251120185640.0230125s9999 xx 000 0 und d aeng a158.1bJAI aJain R aManaging for success IX a9th ed c2000bPrestige group Indore pubaIndore a90p aManaging for success aPersonality Development aPersonality Development aJain R